00513nam a2200205Ia 4500003000900000005001700009008004100026040001300067040001300080041000800093100001500101245009700116250002200213260002300235260000900258300001100267300001000278490000600288600001300294IT-RoPAU20220918175909.0120407s9999 xx 000 0 und d aIT-RoPAU cIT-RoPAU aita aJean Potin aJesus. La storia vera. La cronaca, gli eventi, i protagonisti di un fatto realmente accaduto aCinisello Balsamo aSan Paolo Edizioni c1998 a522 p. c21 cm v1 aBrossura